00331nam a2200121Ia 4500008004100000041000800041082001500049100001900064245004500083260004200128300003000170365000900200240624s9999 xx 000 0 und d aeng a332.63 ALL aALLMAN KEITH A aCORPORATE VALUATION MODELING A STEP BY S c2010aNew JerseybJohn Wiley and Sons axi, : 275 : p. : cm. ; 23 cb30